Online
Catalog

El pensamiento económico de Ernesto Che Guevara / (Record no. 21794)

MARC details
000 -CABECERA
campo de control de longitud fija 00717cam a2200205 a 4500
001 - NÚMERO DE CONTROL
campo de control 000022296
005 - FECHA Y HORA DE LA ÚLTIMA TRANSACCIÓN
campo de control 20210325095748.0
008 - DATOS DE LONGITUD FIJA--INFORMACIÓN GENERAL
campo de control de longitud fija 880817s2001 cu b 001 0 spa
020 ## - NÚMERO INTERNACIONAL ESTÁNDAR DEL LIBRO
Número Internacional Estándar del Libro 9590604706
040 ## - FUENTE DE LA CATALOGACIÓN
Centro catalogador/agencia de origen DO-SdBNP
Lengua de catalogación spa
Centro/agencia transcriptor BNPHU
082 ## - NÚMERO DE LA CLASIFICACIÓN DECIMAL DEWEY
Número de clasificación 338.064
Número de documento/Ítem T113p
049 ## - FONDOS LOCALES (OCLC)
Fondos de biblioteca BNGR
100 ## - ENTRADA PRINCIPAL--NOMBRE DE PERSONA
Nombre de persona Tablada Pérez, Carlos.
Fechas asociadas al nombre 1948-
9 (RLIN) 46055
245 13 - MENCIÓN DE TÍTULO
Título El pensamiento económico de Ernesto Che Guevara /
Mención de responsabilidad, etc. Carlos Tablada Pérez.
250 ## - MENCIÓN DE EDICIÓN
Mención de edición 28a. ed.
260 ## - PUBLICACIÓN, DISTRIBUCIÓN, ETC.
Lugar de publicación, distribución, etc. La Habana :
Nombre del editor, distribuidor, etc. Ciencias Sociales
-- Instituto Cubano del Libro,
Fecha de publicación, distribución, etc. 2001.
300 ## - DESCRIPCIÓN FÍSICA
Extensión 212 p. ;
Dimensiones 23 cm.
500 ## - NOTA GENERAL
Nota general Incluye datos biográficos del autor en la contracubierta
500 ## - NOTA GENERAL
Nota general Incluye referencia bibliográficos y notas al pie de las páginas
Holdings
Estado de retiro Estado de pérdida Restricciones de uso No para préstamo Código de colección Localización permanente Ubicación/localización actual Ubicación en estantería Fecha de adquisición Número de inventario Total de préstamos Signatura topográfica completa Código de barras Fecha visto por última vez Precio válido a partir de Tipo de ítem Koha
      Excluido de préstamo Monografías: Libros y Folletos Patrimonio Dominicano Patrimonio Dominicano En catalogación 22.09.2010 LF1   338.064 T113p 22296-10 25.06.2020 25.06.2020 No se presta

Powered by Koha